Normal view
MARC view
- MATERIALS -- ENVIRONMENTAL ASPECTS
Entry Topical Term
001 - CONTROL NUMBER
- control field: 3728
003 - CONTROL NUMBER IDENTIFIER
- control field: CBULib
005 - DATE AND TIME OF LATEST TRANSACTION
- control field: 20241016095336.0
008 - FIXED-LENGTH DATA ELEMENTS
- fixed length control field: 241016|| aca||babn | a|a d
040 ## - CATALOGING SOURCE
- Original cataloging agency: CBULib
150 ## - HEADING--TOPICAL TERM
- Topical term or geographic name entry element: MATERIALS -- ENVIRONMENTAL ASPECTS